Perjalanan roh manusia melalui 4 alam

Bibliographic Details
Other Authors: Muhammad Baihaqi
Format: Book
Published: Kuala Lumpur : Al-Hidayah , 2006
Subjects:

MARC

LEADER 00000cam a2200000 7i4500
001 0000013321
005 20080111.0
008 080111
020 |a 9839188313 
090 0 0 |a 297.2   |b PER 
245 1 0 |a Perjalanan roh manusia melalui 4 alam   |c penyusun, Muhammad Baihaqi 
246 0 |a Perjalanan roh manusia melalui empat alam 
260 |a Kuala Lumpur :   |b Al-Hidayah ,   |c 2006 
650 0 |a Islam   |x Doctrines 
700 0 |a Muhammad Baihaqi 
740 0 |a Perjalanan roh manusia melalui empat alam 
999 |a 0001005709   |b Book   |c Adult Collection   |e Perbadanan Perpustakaan Awam Johor 
999 |a 0001005710   |b Book   |c Adult Collection   |e Perbadanan Perpustakaan Awam Johor 
999 |a 0001005711   |b Book   |c Adult Collection   |e Perbadanan Perpustakaan Awam Johor